[Event "Commonwealth-ch U20 Girls"]
[Site "New Delhi"]
[Date "2018.06.26"]
[Round "1"]
[White "Chandreyee, Hajra"]
[Black "Kruti, Gangadkar"]
[Result "1-0"]
[WhiteElo "1981"]
[BlackElo "1412"]
[PlyCount "102"]
[EventDate "2018.06.26"]
[EventType "swiss"]
[EventRounds "7"]
[EventCountry "IND"]
[SourceTitle "EXT 2019"]
[Source "ChessBase"]
[SourceDate "2018.10.10"]
[SourceVersion "1"]
[SourceVersionDate "2018.10.10"]
[SourceQuality "1"]

1. e4 c6 2. d4 d5 3. Nc3 dxe4 4. Nxe4 Bf5 5. Ng3 Bg6 6. Nh3 h6 7. Nf4 Bh7 8. Bc4 e6 9. 0-0 Nf6 10. Re1 Be7 11. c3 Nd5 12. Qg4 g5 13. Nfh5 0-0 14. h4 Nd7 15. hxg5 hxg5 16. f4 Kh8 17. f5 N7f6 18. Qe2 Nxh5 19. Qxh5 Qc7 20. Ne4 exf5 21. Nxg5 Bxg5 22. Bxg5 f6 23. Bh6 Rg8 24. Re2 Qg3 25. Rf1 Rg4 26. Bxd5 cxd5 27. Qf7 Qh4 28. Bd2 Rag8 29. Qxd5 f4 30. Qf3 R4g5 31. Qxf4 Rg4 32. Qxf6+ Qxf6 33. Rxf6 Be4 34. Rh6+ Kg7 35. Rf2 Rh8 36. Rxh8 Kxh8 37. Re2 Kg7 38. Rf2 Kh8 39. Bf4 Kg7 40. Be5+ Kh6 41. g3 Rg6 42. Rf6 Rxf6 43. Bxf6 Bd5 44. b3 b5 45. Bd8 Kg6 46. Kf2 Kf5 47. Ke3 Kg4 48. Bc7 Kf5 49. Ba5 Kg4 50. Kd3 Kxg3 51. c4 Bg2 1-0